000 00325nam a2200133 4500
008 260211b |||||||| |||| 00| 0 eng d
020 _a9789362143792
082 _a891.443 TAG
100 _aTagore, Rabindra
245 _aGora
260 _aNew Delhi
_bFingerprint Publishing
_c2025
300 _a446 pages
942 _2ddc
_cC
999 _c65470
_d65470